| 000 | 00474nam a2200181Ia 4500 | ||
|---|---|---|---|
| 003 | OSt | ||
| 005 | 20260307123428.0 | ||
| 008 | 210210b1993 xxu||||| |||| 00| 0 eng d | ||
| 040 | _cAL | ||
| 041 | _ahin | ||
| 082 | _a863/67 | ||
| 100 |
_aPRASAD (Jaishanker) _9199912 _dप्रसाद (जयशंकर) |
||
| 245 |
_aVisakh _bविसाक |
||
| 260 |
_aAllahabad _bBharati Bhandar _c1993 |
||
| 690 |
_aHindi Drama _9199914 |
||
| 906 | _a023442 | ||
| 942 |
_2ddc _cBK |
||
| 999 |
_c148407 _d148407 |
||